Specifikace rozdílů v interakci managementu a zaměstnnců s přihlédnutím na genderové vztahy na pracovišti z pohledu psychologie práce
Psychológia práce a vzťahy na pracovisku. Ženy a muži v pracovnom procese z pohľadu psychológie práce. Genderová problematika. Základné aspekty súčasných genderových rolí.
Salvato in:
| Autore principale: | |
|---|---|
| Altri autori: | |
| Natura: | Capitolo di libro |
| Lingua: | ceco |
| Soggetti: | |
| Tags: |
Nessun Tag, puoi essere il primo ad aggiungerne!!
|
MARC
| LEADER | 00000naa a2200000 4500 | ||
|---|---|---|---|
| 001 | 0242237 | ||
| 005 | 20190424103225.4 | ||
| 041 | 0 | |a cze | |
| 044 | |a CZ | ||
| 245 | 1 | 0 | |a Specifikace rozdílů v interakci managementu a zaměstnnců s přihlédnutím na genderové vztahy na pracovišti z pohledu psychologie práce |c Marek Merhaut, Karel Chadt |
| 520 | |a Psychológia práce a vzťahy na pracovisku. Ženy a muži v pracovnom procese z pohľadu psychológie práce. Genderová problematika. Základné aspekty súčasných genderových rolí. | ||
| 610 | 2 | 0 | |a psychológia práce |
| 610 | 2 | 0 | |a vzťahy genderové |
| 610 | 2 | 0 | |a miesta pracovné |
| 610 | 2 | 0 | |a manažment |
| 610 | 2 | 0 | |a zamestnanci |
| 610 | 2 | 0 | |a vzťahy pracovné |
| 610 | 2 | 0 | |a ženy |
| 610 | 2 | 0 | |a muži |
| 100 | 1 | |a Merhaut, Marek | |
| 700 | 1 | |a Chadt, Karel | |